zpět

Detail výsledku týmu

U Dalka, Ratíškovice

Datum a čas kvízu

24.5 Celkem bodů Celkový počet nahraných bodů na tomto kvízu bez doplňovacích otázek.
4. Pořadí na kvízu Konečné umístění týmu na tomto kvízu.

Zaznamenané odpovědi

# Otázka Odpověď Body Výsledky
1. Vozidla taxislužeb již zřejmě... taxametrem 0
2. Jeden z favoritů prezidentskýc... Zuzana Čaputová 0
3. Jistá služba internetového úlo... Ulož.to 1
4. Irský oděvní řetězec, populárn... Primark 1
5. Norský biatlonista Johannes Th... na střelnici vystřelil méněkrát, než je povoleno 1
6. Praha, Plzeň, Pardubice, Příbr... Prachatice 1
7. Oganesson, xenon, radon, argon... neon 0
8. Schillerová, Babiš, Kalousek,... Jan Fischer 1
9. Bohdalová, Kubišová, Rettigová... Milada Horáková 1
10. Komedie omylů, Zkrocení zlé že... Veselé paničky windsorské 1